[Event "BAGDAD I"]
[Site "SchemingMind.com"]
[Date "2022.04.04"]
[Round "-"]
[White "Greg Magne"]
[Black "Louis Lima"]
[Result "0-1"]
[WhiteCountry "CAN"]
[BlackCountry "ESP"]
[WhiteElo "1824"]
[WhiteRD "80"]
[BlackElo "1873"]
[BlackRD "67"]
[GameID "722287"]

1. e4 d6 2. d4 Nf6 3. Nc3 e5 4. Nf3 Nbd7 5. Bg5 Be7 6. Be2 O-O 7. Qd2 c6 8. O-O-O Qc7 9. Kb1 b5 10. a3 a5
11. d5 b4 12. Na4 Nxe4 13. Qe3 Nxg5 14. Nxg5 Bxg5 15. Qxg5 cxd5 16. f4 bxa3 17. bxa3 Rb8+ 18. Ka2 Qxc2+
0-1

[Event "BAGDAD I"]
[Site "SchemingMind.com"]
[Date "2022.04.04"]
[Round "-"]
[White "Louis Lima"]
[Black "Greg Magne"]
[Result "0-1"]
[WhiteCountry "ESP"]
[BlackCountry "CAN"]
[WhiteElo "1873"]
[WhiteRD "67"]
[BlackElo "1824"]
[BlackRD "80"]
[GameID "722288"]

1. a3 e5 2. d3 f5 3. b4 Nf6 4. Bb2 d6 5. Nd2 Be6 6. Ngf3 a5 7. b5 Nbd7 8. a4 g6 9. Ng5 Bg8 10. c4 h6
11. Ngf3 Bf7 12. g3 Bg7 13. Bg2 O-O 14. Qc2 Re8 15. O-O Rb8 16. Nb3 b6 17. e3 Kh7 18. Nfd2 d5 19. c5 e4 20. d4 Rc8
21. c6 Nf8 22. Rfe1 Ne6 23. Ba3 g5 24. Nb1 Bg6 25. Nc3 Rg8 26. h3 f4 27. Kh2 f3 28. Bh1 Qe8 29. Kg1 Bf5 30. g4 Bxg4
0-1

[Event "BAGDAD I"]
[Site "SchemingMind.com"]
[Date "2022.04.04"]
[Round "-"]
[White "Greg Magne"]
[Black "Derek Price"]
[Result "0-1"]
[WhiteCountry "CAN"]
[BlackCountry "ENG"]
[WhiteElo "1824"]
[WhiteRD "80"]
[BlackElo "2344"]
[BlackRD "73"]
[GameID "722289"]

1. d4 d5 2. c4 c6 3. Nc3 Nf6 4. Nf3 e6 5. Bg5 h6 6. Bh4 dxc4 7. e4 g5 8. Bg3 b5 9. Be2 Bb7 10. h4 g4
11. Ne5 Nbd7 12. Nxg4 b4 13. Na4 Nxe4 14. Bf3 Nxg3 15. fxg3 Qc7 16. Rh3 Rd8 17. b3 c5 18. Bxb7 Qxb7 19. Qf3 Qxf3 20. gxf3 Bg7
21. Rd1 Bxd4 22. bxc4 h5 23. Nf2 Nb6 24. Nxb6 Bxf2+
0-1

[Event "BAGDAD I"]
[Site "SchemingMind.com"]
[Date "2022.04.04"]
[Round "-"]
[White "Derek Price"]
[Black "Greg Magne"]
[Result "1-0"]
[WhiteCountry "ENG"]
[BlackCountry "CAN"]
[WhiteElo "2344"]
[WhiteRD "73"]
[BlackElo "1824"]
[BlackRD "80"]
[GameID "722290"]

1. c4 e5 2. Nc3 f5 3. g3 Nf6 4. Nf3 Nc6 5. d4 e4 6. Nh4 d5 7. Bg5 dxc4 8. e3 Be7 9. Bxc4 a6 10. Bxf6 Bxf6
11. Qh5+ Ke7 12. Qf7+ Kd6 13. Nxf5+ Bxf5 14. Nxe4+ Bxe4 15. Qe6#
1-0

[Event "BAGDAD I"]
[Site "SchemingMind.com"]
[Date "2022.04.07"]
[Round "-"]
[White "Greg Magne"]
[Black "The Stonewall"]
[Result "0-1"]
[WhiteCountry "CAN"]
[BlackCountry "ENG"]
[WhiteElo "1824"]
[WhiteRD "80"]
[BlackElo "2288"]
[BlackRD "71"]
[GameID "722291"]

1. e4 c5 2. Nf3 Nc6 3. d4 cxd4 4. Nxd4 Qb6 5. Nb3 Nf6 6. Nc3 e6 7. Be3 Qc7 8. Qd2 Bb4 9. f3 d5 10. a3 Bxc3
11. Qxc3 dxe4 12. Be2 O-O 13. O-O-O Nd5 14. Rxd5 exd5 15. Bd4 f6 16. Kb1 Bf5 17. g4 exf3 18. Bxf3 Be4 19. Rf1 Qxh2 20. Bxe4 dxe4
21. Bc5 Rfe8 22. g5 fxg5 23. Bd4 Nxd4 24. Nxd4 e3 25. Nf5 Qe5
0-1

[Event "BAGDAD I"]
[Site "SchemingMind.com"]
[Date "2022.04.07"]
[Round "-"]
[White "The Stonewall"]
[Black "Greg Magne"]
[Result "1-0"]
[WhiteCountry "ENG"]
[BlackCountry "CAN"]
[WhiteElo "2293"]
[WhiteRD "78"]
[BlackElo "1807"]
[BlackRD "86"]
[GameID "722292"]

1. e4 c5 2. Nc3 Nc6 3. Nge2 g6 4. d4 cxd4 5. Nxd4 Bg7 6. Nde2 d6 7. g3 Nf6 8. Bg2 O-O 9. O-O Bg4 10. h3 Bd7
11. Nd5 e6 12. Nxf6+ Bxf6 13. Qxd6 Be7 14. Qd3 Qc7 15. Be3 Rfd8 16. c4 Rac8 17. Qc3 Be8 18. b3 Rd7 19. Rad1 Rcd8 20. Qa1 Nb4
21. Bh6 f6 22. Nf4 Qb6 23. Rxd7 Bxd7 24. e5 f5 25. Rd1 Kf7 26. Rd6 g5 27. Qd1 gxf4 28. Qh5+ Kg8 29. Rxd7 fxg3 30. c5 gxf2+
31. Kh2
1-0

[Event "BAGDAD I"]
[Site "SchemingMind.com"]
[Date "2022.04.06"]
[Round "-"]
[White "Greg Magne"]
[Black "Transcendent"]
[Result "1/2-1/2"]
[WhiteCountry "CAN"]
[BlackCountry "ENG"]
[WhiteElo "1787"]
[WhiteRD "82"]
[BlackElo "1945"]
[BlackRD "93"]
[GameID "722293"]

1. d4 d5 2. c4 c6 3. Nc3 e5 4. dxe5 d4 5. Ne4 Qa5+ 6. Bd2 Qxe5 7. Ng3 Be6 8. Nf3 Qd6 9. Rc1 c5 10. e3 dxe3
11. Bxe3 Nc6 12. Ne4 Qxd1+ 13. Rxd1 b6 14. Be2 Be7 15. O-O Nf6 16. Nd6+ Bxd6 17. Rxd6 Rc8 18. Ng5 Ke7 19. Rfd1 Rhd8 20. Rxd8 Rxd8
21. Nxe6 Rxd1+ 22. Bxd1 Kxe6 23. h3 Ne4=
1/2-1/2

[Event "BAGDAD I"]
[Site "SchemingMind.com"]
[Date "2022.04.06"]
[Round "-"]
[White "Transcendent"]
[Black "Greg Magne"]
[Result "1-0"]
[WhiteCountry "ENG"]
[BlackCountry "CAN"]
[WhiteElo "1997"]
[WhiteRD "86"]
[BlackElo "1777"]
[BlackRD "86"]
[GameID "722294"]

1. d4 Nf6 2. c4 e5 3. dxe5 Ne4 4. a3 a5 5. Qc2 d5 6. exd6 Bf5 7. dxc7 Qxc7 8. Nc3 Qxc4 9. e3 Qxf1+ 10. Kxf1 Ng3+
11. hxg3 Bxc2 12. Nf3 Nc6 13. Bd2 Be7 14. Rc1 Bd3+ 15. Kg1 h6 16. Na4 O-O 17. Nc5 Bxc5 18. Rxc5 Rfd8 19. Bc3 Bg6 20. Rb5 Rd7
21. Kh2 Bd3 22. Ne5 Nxe5 23. Rxe5 b6 24. g4 Bg6 25. Rb5 Rd6 26. Be5 Re6 27. Rd1 Rae8 28. Bc7 Rc8 29. Bxb6 Rb8 30. Rd8+ Rxd8
31. Bxd8 Rd6 32. Bxa5
1-0

[Event "BAGDAD I"]
[Site "SchemingMind.com"]
[Date "2022.04.04"]
[Round "-"]
[White "Greg Magne"]
[Black "krzysztof"]
[Result "1-0"]
[WhiteCountry "CAN"]
[BlackCountry "POL"]
[WhiteElo "1824"]
[WhiteRD "80"]
[BlackElo "1513"]
[BlackRD "80"]
[GameID "722295"]

1. f4 f6 2. Nf3 h6 3. e4 h5 4. d4 Nh6 5. Bc4 e6 6. Nc3 d5 7. exd5 exd5 8. Bxd5 c6 9. Ne5 Bg4 10. Nxg4 Nxg4
11. Be4 Kf7 12. h3 Qe8 13. hxg4 f5 14. gxf5 Nd7 15. Rxh5 Bb4 16. Rxh8 Bxc3+ 17. Kf2 Qxh8 18. bxc3 Re8 19. Bf3 Nf6 20. Ba3 Qh4+
21. Kg1 Qxf4 22. Bh5+ Nxh5 23. Qxh5+ g6 24. Qxg6#
1-0

[Event "BAGDAD I"]
[Site "SchemingMind.com"]
[Date "2022.04.04"]
[Round "-"]
[White "krzysztof"]
[Black "Greg Magne"]
[Result "0-1"]
[WhiteCountry "POL"]
[BlackCountry "CAN"]
[WhiteElo "1513"]
[WhiteRD "80"]
[BlackElo "1824"]
[BlackRD "80"]
[GameID "722296"]

1. e3 e5 2. Bc4 d5 3. Bb3 Be6 4. a3 c5 5. c3 Nc6 6. d4 exd4 7. exd4 Nf6 8. Bg5 cxd4 9. cxd4 Be7 10. Nf3 O-O
11. h3 Ne4 12. Bxe7 Qxe7 13. Nbd2 Nxd2 14. Qxd2 Bxh3+ 15. Qe3 Qxe3+ 16. fxe3 Bxg2 17. Rxh7 Kxh7 18. Nh4 Be4 19. Kd2 f5 20. Bd1 f4
21. exf4 Rxf4 22. Bc2 Rxh4 23. Re1 Nxd4 24. Bxe4+ dxe4 25. Kc3 Nf3 26. Re3 Rc8+ 27. Kb3 Nd2+ 28. Ka2 Rc1 29. Re2 e3 30. Rxe3 Rhh1
31. b3 Rc2#
0-1

[Event "BAGDAD I"]
[Site "SchemingMind.com"]
[Date "2022.04.04"]
[Round "-"]
[White "Greg Magne"]
[Black "JAHI"]
[Result "1/2-1/2"]
[WhiteCountry "CAN"]
[BlackCountry "INT"]
[WhiteElo "1824"]
[WhiteRD "80"]
[BlackElo "2138"]
[BlackRD "64"]
[GameID "722297"]

1. e4 d6 2. d4 g6 3. c4 Bg7 4. Nc3 Kf8 5. f4 b6 6. Nf3 Bb7 7. Be2 Nd7 8. Be3 e6 9. Qc2 Ne7 10. O-O Kg8
11. Bf2 Qf8 12. Rac1 Re8 13. b4 a6 14. Rfd1 h6 15. c5 d5 16. a4 dxe4=
1/2-1/2

[Event "BAGDAD I"]
[Site "SchemingMind.com"]
[Date "2022.04.04"]
[Round "-"]
[White "JAHI"]
[Black "Greg Magne"]
[Result "1-0"]
[WhiteCountry "INT"]
[BlackCountry "CAN"]
[WhiteElo "2138"]
[WhiteRD "64"]
[BlackElo "1824"]
[BlackRD "80"]
[GameID "722298"]

1. c3 e5 2. c4 Nf6 3. Nc3 b6 4. d3 Bb7 5. Bg5 Be7 6. Bxf6 Bxf6 7. e3 O-O 8. e4 Nc6 9. g3 Nd4 10. Bg2 Qe7
11. Kf1 h5 12. Qxh5 Qb4 13. Rb1 c6 14. Nf3 g6 15. Qh6 Bg7 16. Qg5 d6 17. h3 a5 18. h4 a4 19. h5 a3 20. h6 axb2
21. hxg7 Qxc3 22. gxf8=Q+ Kxf8 23. Ne1 Rxa2 24. Qd8+ Kg7 25. Qh8#
1-0

[Event "BAGDAD I"]
[Site "SchemingMind.com"]
[Date "2022.04.05"]
[Round "-"]
[White "Greg Magne"]
[Black "Daniel Dubé"]
[Result "1-0"]
[WhiteCountry "CAN"]
[BlackCountry "CAN"]
[WhiteElo "1809"]
[WhiteRD "80"]
[BlackElo "1637"]
[BlackRD "54"]
[GameID "722299"]

1. d4 e6 2. c4 d5 3. Nc3 c5 4. cxd5 cxd4 5. Qxd4 Nc6 6. Qa4 exd5 7. e3 Be6 8. Nf3 Nf6 9. Bb5 Qb6 10. Ne5 Bd7
11. Nxd7 Nxd7 12. Nxd5 Qa5+ 13. Bd2 Qxa4 14. Bxa4 O-O-O 15. Rc1 Kb8 16. Bxc6 bxc6 17. Nb4 c5 18. Nc6+ Kb7 19. Nxd8+
1-0

[Event "BAGDAD I"]
[Site "SchemingMind.com"]
[Date "2022.04.05"]
[Round "-"]
[White "Daniel Dubé"]
[Black "Greg Magne"]
[Result "1/2-1/2"]
[WhiteCountry "CAN"]
[BlackCountry "CAN"]
[WhiteElo "1637"]
[WhiteRD "54"]
[BlackElo "1809"]
[BlackRD "80"]
[GameID "722300"]

1. d4 Nf6 2. c4 e5 3. dxe5 Ne4 4. Nd2 d5 5. e3 Nc6 6. Nxe4 dxe4 7. Qxd8+ Kxd8 8. f4 exf3 9. Nxf3 Bg4 10. Bd3 Bxf3
11. gxf3 Nxe5 12. Be4 c6 13. b3 Be7 14. Bb2 f6 15. Bxe5 fxe5 16. O-O-O+ Kc7 17. Bf5 Rad8 18. Rxd8 Rxd8 19. Bxh7 Bf6 20. Kc2 b5
21. h4 Rh8 22. Be4 bxc4 23. bxc4 Rxh4 24. Rxh4 Bxh4 25. Kd3 Kd6 26. Bf5=
1/2-1/2

[Event "BAGDAD I"]
[Site "SchemingMind.com"]
[Date "2022.04.04"]
[Round "-"]
[White "Greg Magne"]
[Black "geekknight"]
[Result "0-1"]
[WhiteCountry "CAN"]
[BlackCountry "NED"]
[WhiteElo "1824"]
[WhiteRD "80"]
[BlackElo "1953"]
[BlackRD "89"]
[GameID "722301"]

1. e4 c6 2. d4 d5 3. exd5 cxd5 4. c4 Nf6 5. Nc3 Nc6 6. Bg5 dxc4 7. Bxc4 Qxd4 8. Qxd4 Nxd4 9. O-O-O Ne6 10. Nb5 Bd7
11. Nf3 Rc8
0-1

[Event "BAGDAD I"]
[Site "SchemingMind.com"]
[Date "2022.04.04"]
[Round "-"]
[White "geekknight"]
[Black "Greg Magne"]
[Result "1-0"]
[WhiteCountry "NED"]
[BlackCountry "CAN"]
[WhiteElo "1953"]
[WhiteRD "89"]
[BlackElo "1824"]
[BlackRD "80"]
[GameID "722302"]

1. c4 e5 2. e3 f5 3. d4 exd4 4. exd4 Nf6 5. Bd3 d5 6. Qe2+ Be7 7. Nf3 O-O 8. O-O Kh8 9. cxd5 Nxd5 10. Bc4 Nc6
11. Nc3 Nxc3 12. bxc3 Bf6 13. Re1 Bd7 14. Qc2 a6 15. Bf4 b5 16. Bd3 g6 17. Re2 b4 18. Ne5 bxc3 19. Qxc3 Ra7 20. Nxc6 Bxc6
21. Qxc6 Bxd4 22. Rd1 Rf6 23. Qc4 c5 24. Bc2 Rd7 25. Ree1 Rf8 26. Qe6 a5 27. Be5+
1-0

[Event "BAGDAD I"]
[Site "SchemingMind.com"]
[Date "2022.04.04"]
[Round "-"]
[White "Greg Magne"]
[Black "ModernMonkey"]
[Result "0-1"]
[WhiteCountry "CAN"]
[BlackCountry "ENG"]
[WhiteElo "1809"]
[WhiteRD "80"]
[BlackElo "2147"]
[BlackRD "101"]
[GameID "722303"]

1. e4 c5 2. Nf3 Nc6 3. d4 cxd4 4. Nxd4 e5 5. Nb5 d6 6. c4 Be7 7. N1c3 a6 8. Na3 Be6 9. Nd5 Rc8 10. Nc2 Bg5
11. Nce3 Nge7 12. h4 Bh6 13. g4 g6 14. g5 Bg7 15. Bh3 Nd4 16. Bd2 Nxd5 17. cxd5 Bxh3 18. Rxh3 O-O 19. Rc1 f6 20. h5 Qd7
21. Rg3 f5 22. exf5 gxf5 23. Rg2 f4 24. Ng4 Rxc1 25. Qxc1 f3 26. Rg3 Qb5 27. Qd1 Nc2+ 28. Qxc2 Qe2#
0-1

[Event "BAGDAD I"]
[Site "SchemingMind.com"]
[Date "2022.04.05"]
[Round "-"]
[White "ModernMonkey"]
[Black "Greg Magne"]
[Result "1-0"]
[WhiteCountry "ENG"]
[BlackCountry "CAN"]
[WhiteElo "2147"]
[WhiteRD "101"]
[BlackElo "1809"]
[BlackRD "80"]
[GameID "722304"]

1. d4 Nf6 2. c4 e5 3. dxe5 Ne4 4. a3 Nc6 5. Nf3 a5 6. Qc2 d5 7. exd6 Nxd6 8. e3 Bf5 9. Bd3 Qf6 10. Nc3 Bxd3
11. Qxd3 O-O-O 12. O-O Nb5 13. Nd5 Nxa3 14. Qb3 Qf5 15. bxa3 Bd6 16. Rb1 b6 17. Bd2 g5 18. Qb5 Qd7 19. Qa6+ Kb8 20. Nxb6 cxb6
21. Rxb6+
1-0

[Event "BAGDAD I"]
[Site "SchemingMind.com"]
[Date "2022.04.04"]
[Round "-"]
[White "Louis Lima"]
[Black "Derek Price"]
[Result "0-1"]
[WhiteCountry "ESP"]
[BlackCountry "ENG"]
[WhiteElo "1873"]
[WhiteRD "67"]
[BlackElo "2344"]
[BlackRD "73"]
[GameID "722305"]

1. a3 Nf6 2. d4 e6 3. Nc3 d5 4. Bg5 Be7 5. e3 O-O 6. Bd3 h6 7. Bh4 a6 8. Nf3 Nbd7 9. Ne2 c5 10. c3 b5
11. Rc1 Qc7 12. b4 c4 13. Bb1 Bd6 14. Bg3 Bxg3 15. Nxg3 Bb7 16. Qc2 Ne4 17. Nxe4 dxe4 18. Nd2 f5 19. f4 Nf6
0-1

[Event "BAGDAD I"]
[Site "SchemingMind.com"]
[Date "2022.04.04"]
[Round "-"]
[White "Derek Price"]
[Black "Louis Lima"]
[Result "1-0"]
[WhiteCountry "ENG"]
[BlackCountry "ESP"]
[WhiteElo "2344"]
[WhiteRD "73"]
[BlackElo "1873"]
[BlackRD "67"]
[GameID "722306"]

1. c4 c5 2. Nf3 g6 3. g3 Bg7 4. Bg2 Nc6 5. O-O Nf6 6. Nc3 O-O 7. d4 cxd4 8. Nxd4 Nxd4 9. Qxd4 d6 10. Qd3 a6
11. Bd2 Rb8 12. Rac1 Bf5 13. e4 Bd7 14. b3 b5 15. Rfe1 bxc4 16. Qxc4 Qc8 17. Qf1 e6 18. Bf4 e5 19. Be3 Qb7 20. Red1
1-0

[Event "BAGDAD I"]
[Site "SchemingMind.com"]
[Date "2022.04.07"]
[Round "-"]
[White "The Stonewall"]
[Black "Louis Lima"]
[Result "1-0"]
[WhiteCountry "ENG"]
[BlackCountry "ESP"]
[WhiteElo "2288"]
[WhiteRD "71"]
[BlackElo "1873"]
[BlackRD "67"]
[GameID "722308"]

1. c4 Nf6 2. Nc3 e6 3. e4 d5 4. e5 d4 5. exf6 dxc3 6. bxc3 Qxf6 7. d4 e5 8. Nf3 Nc6 9. Be2 exd4 10. Bg5 Qg6
11. O-O dxc3 12. Bd3 Qd6 13. Re1+ Be6 14. Rb1 Be7 15. Bxe7 Nxe7 16. Rxb7
1-0

[Event "BAGDAD I"]
[Site "SchemingMind.com"]
[Date "2022.04.06"]
[Round "-"]
[White "Louis Lima"]
[Black "Transcendent"]
[Result "0-1"]
[WhiteCountry "ESP"]
[BlackCountry "ENG"]
[WhiteElo "1873"]
[WhiteRD "67"]
[BlackElo "1950"]
[BlackRD "82"]
[GameID "722309"]

1. a3 d5 2. b4 e5 3. Bb2 Bd6 4. Nf3 Qe7 5. c4 dxc4 6. e4 Nf6 7. Bxc4 O-O 8. O-O Nbd7 9. Nc3 Nb6 10. Be2 Rd8
11. Qc2 Bg4
0-1

[Event "BAGDAD I"]
[Site "SchemingMind.com"]
[Date "2022.04.04"]
[Round "-"]
[White "Louis Lima"]
[Black "krzysztof"]
[Result "1-0"]
[WhiteCountry "ESP"]
[BlackCountry "POL"]
[WhiteElo "1873"]
[WhiteRD "67"]
[BlackElo "1513"]
[BlackRD "80"]
[GameID "722311"]

1. a3 Nf6 2. d4 d5 3. Nf3 Bf5 4. e3 a6 5. Bd3 Be4 6. c4 c6 7. Nc3 Bxd3 8. Qxd3 dxc4 9. Qxc4 b5 10. Qe2 e6
11. e4 Nbd7 12. Bg5 h6 13. Bh4 Be7 14. O-O g5 15. Bg3 g4 16. Ne5 h5 17. Nxc6 Qb6 18. Nxe7 Kxe7 19. d5 e5 20. Bh4 Nf8
21. d6+ Qxd6 22. Rad1 Qc6 23. Nd5+ Ke8 24. Bxf6 Rh6 25. Rc1 Qxf6 26. Nxf6+ Rxf6 27. Rfd1 Rd8 28. Rxd8+ Kxd8 29. Qc2 Nd7 30. Rd1 Rb6
31. Qc5 Re6 32. Qf8+ Re8 33. Qxf7 Re7 34. Qxh5 Kc7 35. Qxg4 Nc5 36. Rc1 Kd6 37. Qd1+ Kc6 38. Qd5+ Kb6 39. Qxc5+ Kb7 40. Qxe7+ Kb8
41. Rc7 Ka8 42. Qd8#
1-0

[Event "BAGDAD I"]
[Site "SchemingMind.com"]
[Date "2022.04.04"]
[Round "-"]
[White "krzysztof"]
[Black "Louis Lima"]
[Result "0-1"]
[WhiteCountry "POL"]
[BlackCountry "ESP"]
[WhiteElo "1513"]
[WhiteRD "80"]
[BlackElo "1873"]
[BlackRD "67"]
[GameID "722312"]

1. e3 e5 2. d3 d5 3. Nc3 Nf6 4. h3 c5 5. a3 Nc6 6. e4 dxe4 7. Bg5 exd3 8. Bxd3 Be7 9. h4 h6 10. Be3 Ng4
11. Qf3 Nxe3 12. Qxe3 Be6 13. O-O-O Qc8 14. f4 c4 15. Be4 exf4 16. Qxf4 Qb8 17. Qf3 Ne5 18. Qe2 O-O 19. Nf3 Ng4 20. Nd5 Bxd5
21. Rxd5 Nf6 22. Rf5 Nxe4 23. Qxe4 Bf6 24. c3 Qc7 25. Qg4 Qc8 26. Qf4 Qc6 27. g4 Be7 28. Rf1 Bd6 29. Qd2 Rad8 30. Nd4 Qe4
31. Qe2 Qxe2 32. Nxe2 Rde8 33. Nd4 g6 34. R5f3 Be5 35. Ne2 Bg7 36. Nf4 Re5 37. Ng2 Re4 38. Rf4 Rxf4 39. Rxf4 b5 40. h5 Re8
41. hxg6 fxg6 42. Kd2 h5 43. gxh5 Bh6 44. hxg6 Re4 45. Kc2 Bxf4 46. Nh4 Kg7 47. Nf3 Kxg6 48. Nd4 Rxd4 49. cxd4 Kf5 50. b3 cxb3+
51. Kxb3 Bd6 52. a4 b4 53. d5 Ke5 54. Kc4 a6 55. a5 Ke4 56. Kb3 Kxd5 57. Kb2 Kc4 58. Ka2 Kc3 59. Kb1 b3 60. Ka1 b2+
61. Kb1 Be5 62. Ka2 Kc2 63. Ka3 b1=Q 64. Ka4 Qb3#
0-1

[Event "BAGDAD I"]
[Site "SchemingMind.com"]
[Date "2022.04.04"]
[Round "-"]
[White "Louis Lima"]
[Black "JAHI"]
[Result "0-1"]
[WhiteCountry "ESP"]
[BlackCountry "INT"]
[WhiteElo "1873"]
[WhiteRD "67"]
[BlackElo "2138"]
[BlackRD "64"]
[GameID "722313"]

1. a3 d6 2. d3 g6 3. g3 Bg7 4. Bg2 Kf8 5. c3 h6 6. e4 h5 7. f4 h4 8. d4 h3 9. Bf3 f6 10. Ne2 f5
11. e5 Nh6 12. Qb3 c6 13. exd6 exd6 14. c4 Qe7 15. O-O Be6 16. d5 cxd5 17. cxd5 Bf7 18. Re1 Na6 19. Nbc3 Re8
0-1

[Event "BAGDAD I"]
[Site "SchemingMind.com"]
[Date "2022.04.04"]
[Round "-"]
[White "JAHI"]
[Black "Louis Lima"]
[Result "1-0"]
[WhiteCountry "INT"]
[BlackCountry "ESP"]
[WhiteElo "2138"]
[WhiteRD "64"]
[BlackElo "1873"]
[BlackRD "67"]
[GameID "722314"]

1. c3 e6 2. c4 c6 3. Nc3 d5 4. b3 Nf6 5. Qc2 d4 6. Ne4 e5 7. Bb2 c5 8. g3 Nxe4 9. Qxe4 Nc6 10. Bg2 f5
11. Qb1 e4 12. d3 exd3 13. Qxd3 Nb4 14. Qd2 d3 15. Kf1 Be7 16. Bxg7
1-0

[Event "BAGDAD I"]
[Site "SchemingMind.com"]
[Date "2022.04.05"]
[Round "-"]
[White "Louis Lima"]
[Black "Daniel Dubé"]
[Result "0-1"]
[WhiteCountry "ESP"]
[BlackCountry "CAN"]
[WhiteElo "1782"]
[WhiteRD "69"]
[BlackElo "1637"]
[BlackRD "54"]
[GameID "722315"]

1. a3 e6 2. d4 d5 3. Nf3 c5 4. c3 Nc6 5. e3 Nf6 6. b4 cxd4 7. cxd4 Bd7 8. Bb2 Bd6 9. Nbd2 O-O 10. Bd3 a6
11. Ne5 g6 12. f4 Bxe5 13. fxe5 Ne4 14. Nxe4 dxe4 15. Bxe4 b5
0-1

[Event "BAGDAD I"]
[Site "SchemingMind.com"]
[Date "2022.04.05"]
[Round "-"]
[White "Daniel Dubé"]
[Black "Louis Lima"]
[Result "1-0"]
[WhiteCountry "CAN"]
[BlackCountry "ESP"]
[WhiteElo "1637"]
[WhiteRD "54"]
[BlackElo "1782"]
[BlackRD "69"]
[GameID "722316"]

1. d4 Nf6 2. c4 e6 3. Nf3 Bb4+ 4. Bd2 Qe7 5. g3 Nc6 6. Bg2 Bxd2+ 7. Nbxd2 d6 8. O-O O-O 9. e4 e5 10. d5 Nb8
11. b4 Bg4 12. h3 Bxf3 13. Qxf3 Nbd7 14. Rac1 b6 15. Nb3
1-0

[Event "BAGDAD I"]
[Site "SchemingMind.com"]
[Date "2022.04.04"]
[Round "-"]
[White "Louis Lima"]
[Black "geekknight"]
[Result "1-0"]
[WhiteCountry "ESP"]
[BlackCountry "NED"]
[WhiteElo "1873"]
[WhiteRD "67"]
[BlackElo "1953"]
[BlackRD "89"]
[GameID "722317"]

1. a3 c5 2. b4 cxb4 3. axb4 d5 4. Bb2 Nf6 5. b5 Bd7 6. e3 e6 7. c4 dxc4 8. Bxc4 Bb4 9. Nf3 O-O 10. O-O a6
11. Nc3 Qc7 12. Be2 Rd8 13. Qb3 Bxc3 14. Bxc3 Nd5 15. Bb2 Qb6 16. Bd4 Qd6 17. Rfc1 Kh8 18. Bc5
1-0

[Event "BAGDAD I"]
[Site "SchemingMind.com"]
[Date "2022.04.04"]
[Round "-"]
[White "geekknight"]
[Black "Louis Lima"]
[Result "1/2-1/2"]
[WhiteCountry "NED"]
[BlackCountry "ESP"]
[WhiteElo "1943"]
[WhiteRD "86"]
[BlackElo "1782"]
[BlackRD "69"]
[GameID "722318"]

1. c4 c5 2. e3 g6 3. d4 cxd4 4. exd4 Bg7 5. Nf3 Nf6 6. Nc3 d5 7. cxd5 O-O 8. Qb3 Nbd7 9. Bg5 Nb6 10. Bxf6 Bxf6
11. Bd3 e6 12. d6 Qxd6 13. Ne4 Qe7 14. Nxf6+ Qxf6 15. O-O Bd7 16. Ne5 Ba4 17. Qb4 Rfc8 18. Rac1 Be8 19. Qd2 Nd5 20. Rxc8 Rxc8=
21. Rc1 Rxc1+ 22. Qxc1 Qd8 23. a3 Nb6 24. Qc5 Qc8 25. b4 Qd8 26. Be4 f6 27. Nf3 Qd7 28. Bc2 Qc6 29. Bb3 Kf7 30. Nd2 a6
31. f3 Na4 32. Qxc6 Bxc6 33. Bxa4 Bxa4 34. f4 Bb5 35. Kf2 Ke7 36. Ne4 b6 37. Ke3 Bc6 38. g3 Bxe4 39. Kxe4 Kd6 40. a4 f5+
41. Ke3 Kd5 42. Kd3 b5 43. a5 h6 44. h3 h5 45. h4 Kd6 46. Kd2=
1/2-1/2

[Event "BAGDAD I"]
[Site "SchemingMind.com"]
[Date "2022.04.04"]
[Round "-"]
[White "Louis Lima"]
[Black "ModernMonkey"]
[Result "0-1"]
[WhiteCountry "ESP"]
[BlackCountry "ENG"]
[WhiteElo "1873"]
[WhiteRD "67"]
[BlackElo "2130"]
[BlackRD "100"]
[GameID "722319"]

1. a3 Nf6 2. d3 d5 3. Nf3 c5 4. g3 Nc6 5. Bg2 e5 6. O-O Be7 7. c4 O-O 8. cxd5 Nxd5 9. Nc3 Nc7 10. b3 Be6
11. Bb2 Qd7 12. Qd2 Rad8
0-1

[Event "BAGDAD I"]
[Site "SchemingMind.com"]
[Date "2022.04.04"]
[Round "-"]
[White "ModernMonkey"]
[Black "Louis Lima"]
[Result "1-0"]
[WhiteCountry "ENG"]
[BlackCountry "ESP"]
[WhiteElo "2130"]
[WhiteRD "100"]
[BlackElo "1873"]
[BlackRD "67"]
[GameID "722320"]

1. d4 d6 2. Nf3 Nf6 3. c4 e6 4. Nc3 b6 5. e4 Bb7 6. Bd3 Nbd7 7. O-O e5 8. d5 Be7 9. Be3 O-O 10. Re1 Nc5
11. Bc2 Ng4 12. Bc1 a5 13. h3
1-0

[Event "BAGDAD I"]
[Site "SchemingMind.com"]
[Date "2022.04.09"]
[Round "-"]
[White "Derek Price"]
[Black "The Stonewall"]
[Result "1-0"]
[WhiteCountry "ENG"]
[BlackCountry "ENG"]
[WhiteElo "2376"]
[WhiteRD "74"]
[BlackElo "2328"]
[BlackRD "75"]
[GameID "722321"]

1. c4 c6 2. g3 d5 3. Bg2 dxc4 4. Nf3 Nd7 5. Na3 Nb6 6. Qc2 Qd5 7. O-O Nf6 8. Ne1 Qd4 9. e3 Qg4 10. b3 Bf5
11. Qc3 cxb3 12. axb3 Nbd5 13. Qb2 Qh5 14. f3 Bh3 15. Nc4 Bxg2 16. Kxg2 e6 17. e4 Nb4 18. d4 c5 19. Bf4 Nc6 20. Nc2 Rd8
21. dxc5 Qxc5 22. Rfd1 a6 23. Rxd8+ Nxd8 24. Rd1 h5 25. h4 Be7 26. Nd6+ Kf8 27. b4 Qb6 28. Nc8 Qb5 29. Rd2 Nc6 30. Nxe7 Nxe7
31. Rd8+ Ne8 32. Nd4 Qb6 33. Qd2 Rh7 34. Nb3 Qc6 35. Nc5 f6 36. Qa2 Kf7 37. Bd6
1-0

[Event "BAGDAD I"]
[Site "SchemingMind.com"]
[Date "2022.04.09"]
[Round "-"]
[White "The Stonewall"]
[Black "Derek Price"]
[Result "1/2-1/2"]
[WhiteCountry "ENG"]
[BlackCountry "ENG"]
[WhiteElo "2297"]
[WhiteRD "77"]
[BlackElo "2340"]
[BlackRD "70"]
[GameID "722322"]

1. c4 e5 2. Nc3 Nf6 3. g3 Nc6 4. Bg2 Bc5 5. Nf3 d6 6. O-O O-O 7. e3 Bg4 8. h3 Bh5 9. g4 Bg6 10. d4 Bb6
11. b3 Re8 12. Bb2 exd4 13. Nxd4 Nxd4 14. exd4 c6 15. d5 Rc8 16. Qd2 h5 17. Qf4 hxg4 18. hxg4 Qd7 19. Bf3 cxd5 20. g5 Nh5
21. Qh4 dxc4 22. Bxh5 Bxh5 23. Qxh5 cxb3 24. axb3 Qf5 25. Ra4 Re1 26. Qh4 Rce8 27. Rxe1 Rxe1+ 28. Kg2 Qd3 29. Qc4 Rg1+=
1/2-1/2